| 000 | 00581nam a2200205 i 4500 | ||
|---|---|---|---|
| 001 | 72163 | ||
| 003 | ES-MaACL | ||
| 005 | 20251005063050.0 | ||
| 007 | t| | ||
| 008 | 040826s1965 sp f |||| |dspa d | ||
| 100 | 1 |
_aGili Torrá, Gustavo, _d1935-2008 _956941 |
|
| 245 | 1 | 0 |
_aMarcel Martí / _cGustavo Gili Torra. |
| 260 |
_aBarcelona : _bGustavo Gili, _c[1965] |
||
| 300 |
_a51 p., 18 lám. ; _c20 cm. |
||
| 490 | 1 | _aNueva órbita | |
| 600 | 1 | 4 |
_aMartí, Marcel. _977195 |
| 830 | 0 |
_aNueva órbita _9231104 |
|
| 852 |
_aES-MaACL _jC-28777 |
||
| 999 |
_c72163 _d72163 |
||